[Event "Famalicao op 7th"]
[Site "Vila Nova de Famalicao"]
[Date "2019.07.30"]
[Round "4"]
[White "Pinho, Paulo Miguel"]
[Black "Ribeiro, Bruno Rafael Leite"]
[Result "1-0"]
[WhiteElo "2200"]
[BlackElo "1957"]
[PlyCount "63"]
[EventDate "2019.07.28"]
[EventType "swiss"]
[EventRounds "9"]
[EventCountry "POR"]
[SourceTitle "CBM 191 Extra"]
[Source "ChessBase"]
[SourceDate "2019.09.30"]
[SourceVersion "1"]
[SourceVersionDate "2019.09.30"]
[SourceQuality "1"]

1. d4 d5 2. Nf3 Nf6 3. c4 e6 4. g3 c6 5. Bg2 Be7 6. 0-0 0-0 7. Qc2 b6 8. Rd1 Bb7 9. b3 Na6 10. Nc3 Nb4 11. Qb1 c5 12. a3 Na6 13. Bb2 Nc7 14. cxd5 exd5 15. e4 Nxe4 16. Nxe4 dxe4 17. dxc5 Qc8 18. Ne5 e3 19. c6 exf2+ 20. Kh1 Ba6 21. Qc2 f1Q+ 22. Bxf1 Bxf1 23. Rxf1 Ne6 24. Qc4 Bd6 25. Nd7 Bc5 26. Qd5 Re8 27. b4 Bf8 28. b5 Qd8 29. Qh5 Re7 30. Rad1 Qc8 31. Be5 Nd8 32. Nxf8 1-0

[Event "POR CupT qf  40th"]
[Site "Portugal"]
[Date "2018.05.05"]
[Round "3.3"]
[White "Dias, Ivo Rodrigues"]
[Black "Ribeiro, Bruno Rafael Leite"]
[Result "0-1"]
[WhiteElo "2145"]
[BlackElo "1909"]
[PlyCount "70"]
[EventDate "2017.12.16"]
[EventType "team-k.o."]
[EventRounds "6"]
[EventCountry "POR"]
[SourceTitle "EXT 2019"]
[Source "ChessBase"]
[SourceDate "2018.10.10"]
[SourceVersion "1"]
[SourceVersionDate "2018.10.10"]
[SourceQuality "1"]
[WhiteTeam "A2D"]
[BlackTeam "A2D II"]
[WhiteTeamCountry "POR"]
[BlackTeamCountry "POR"]

1. e4 c5 2. Nc3 d6 3. Nf3 Nf6 4. d4 cxd4 5. Nxd4 a6 6. h3 e6 7. g4 b5 8. a3 Bb7 9. Bg2 Be7 10. g5 Nfd7 11. h4 Nb6 12. f4 Qc7 13. h5 Nc6 14. g6 hxg6 15. hxg6 Rxh1+ 16. Bxh1 Bh4+ 17. Ke2 Nxd4+ 18. Qxd4 fxg6 19. Qd3 0-0-0 20. a4 b4 21. a5 Nc4 22. Na4 Bc6 23. Nb6+ Nxb6 24. axb6 Qxb6 25. Be3 Qb7 26. Kd2 d5 27. Qxa6 d4 28. Bg1 Qxa6 29. Rxa6 Kb7 30. Ra5 Bg3 31. Kd3 Bxf4 32. Kc4 Be3 33. Bxe3 dxe3 34. Ra1 e2 35. Re1 Rd1 0-1

[Event "POR-ch U20"]
[Site "Luso"]
[Date "2018.03.27"]
[Round "6"]
[White "Fidalgo, Andre Neves"]
[Black "Ribeiro, Bruno Rafael Leite"]
[Result "1/2-1/2"]
[WhiteElo "2243"]
[BlackElo "1838"]
[PlyCount "71"]
[EventDate "2018.03.24"]
[EventType "swiss"]
[EventRounds "7"]
[EventCountry "POR"]
[SourceTitle "EXT 2019"]
[Source "ChessBase"]
[SourceDate "2018.10.10"]
[SourceVersion "1"]
[SourceVersionDate "2018.10.10"]
[SourceQuality "1"]

1. d4 d5 2. c4 e6 3. Nf3 c6 4. Qc2 dxc4 5. Qxc4 b5 6. Qc2 Nf6 7. g3 Be7 8. Bg2 Bb7 9. 0-0 0-0 10. Nc3 Qb6 11. Bg5 h6 12. Bxf6 Bxf6 13. Ne4 Bxd4 14. Nxd4 Qxd4 15. Rfd1 Qb6 16. Nc5 Rc8 17. Rd6 Na6 18. Nxb7 Qxb7 19. Rxc6 Nb4 20. Rxc8+ Rxc8 21. Qb3 Nd5 22. Rd1 Rc5 23. Bf3 Qc7 24. Kg2 Nf6 25. Qd3 a6 26. Rd2 e5 27. e3 Rc4 28. h3 Kf8 29. Qd6+ Qxd6 30. Rxd6 Rc2 31. Rxa6 Rxb2 32. Bc6 b4 33. Rb6 Rxa2 34. Rxb4 Ra7 35. Kf3 Ke7 36. Rb7+ 1/2-1/2

[Event "POR-ch U20"]
[Site "Luso"]
[Date "2018.03.26"]
[Round "4"]
[White "Dionizio, Andre Filipe Nascim"]
[Black "Ribeiro, Bruno Rafael Leite"]
[Result "1/2-1/2"]
[WhiteElo "1999"]
[BlackElo "1838"]
[PlyCount "53"]
[EventDate "2018.03.24"]
[EventType "swiss"]
[EventRounds "7"]
[EventCountry "POR"]
[SourceTitle "EXT 2019"]
[Source "ChessBase"]
[SourceDate "2018.10.10"]
[SourceVersion "1"]
[SourceVersionDate "2018.10.10"]
[SourceQuality "1"]

1. Nf3 d5 2. e3 Nf6 3. b3 Bg4 4. Be2 e6 5. Bb2 Be7 6. 0-0 0-0 7. d4 Nbd7 8. Nbd2 Ne4 9. Nxe4 dxe4 10. Nd2 Bxe2 11. Qxe2 Nf6 12. Rfd1 Qd5 13. c4 Qg5 14. a3 Bd6 15. Nf1 c6 16. Ng3 h5 17. d5 Bxg3 18. hxg3 exd5 19. Bxf6 Qxf6 20. cxd5 cxd5 21. Qxh5 Rfd8 22. Rd4 Rac8 23. Qd1 Rc6 24. Rc1 Rxc1 25. Qxc1 Qc6 26. Qd1 Rd6 27. a4 1/2-1/2

[Event "Lisbon Portugal rapid op"]
[Site "Lisbon"]
[Date "2018.02.10"]
[Round "8"]
[White "Klasan, Vladimir"]
[Black "Ribeiro, Bruno Rafael Leite"]
[Result "1/2-1/2"]
[WhiteElo "2381"]
[BlackElo "1831"]
[PlyCount "98"]
[EventDate "2018.02.10"]
[EventType "swiss (rapid)"]
[EventRounds "8"]
[EventCountry "POR"]
[SourceTitle "CBM 182 Extra"]
[Source "ChessBase"]
[SourceDate "2018.02.23"]
[SourceVersion "1"]
[SourceVersionDate "2018.02.23"]
[SourceQuality "1"]

1. e4 c5 2. Nf3 d6 3. d4 cxd4 4. Qxd4 a6 5. Be3 Nf6 6. Nc3 e6 7. 0-0-0 Be7 8. e5 dxe5 9. Qxd8+ Bxd8 10. Nxe5 0-0 11. Be2 Ba5 12. Bf3 Nbd7 13. Nc4 Bxc3 14. bxc3 Nd5 15. Bxd5 exd5 16. Rxd5 Nf6 17. Rc5 Be6 18. Nb6 Nd7 19. Nxd7 Bxd7 20. Rd1 Bc6 21. g3 Rad8 22. Rd4 h6 23. Kb2 Rfe8 24. Kb3 Kf8 25. Kb4 Ke7 26. Ka5 Ke6 27. Kb6 Rd5 28. Rcxd5 Bxd5 29. c4 Bc6 30. c5 Ke7 31. Rd6 Rc8 32. Ka7 Rd8 33. Rxc6 bxc6 34. c3 Rd1 35. Bd4 g6 36. Kxa6 Ra1 37. h4 Rxa2+ 38. Kb6 Kd7 39. Be3 h5 40. Bd4 Rb2+ 41. Ka5 Ke6 42. Ka4 Kd5 43. Ka5 Kc4 44. Ka6 Rb5 45. Ka7 Rxc5 46. Kb6 Rf5 47. Kxc6 Rd5 48. Kc7 Kd3 49. Kc6 Kc4 1/2-1/2

[Event "Lisbon Portugal op"]
[Site "Lisbon"]
[Date "2018.02.03"]
[Round "1"]
[White "To, Nhat Minh"]
[Black "Ribeiro, Bruno Rafael Leite"]
[Result "1-0"]
[WhiteElo "2338"]
[BlackElo "1831"]
[PlyCount "111"]
[EventDate "2018.02.03"]
[EventType "swiss"]
[EventRounds "9"]
[EventCountry "POR"]
[SourceTitle "EXT 2019"]
[Source "ChessBase"]
[SourceDate "2018.10.10"]
[SourceVersion "1"]
[SourceVersionDate "2018.10.10"]
[SourceQuality "1"]

1. Nf3 d5 2. g3 Nf6 3. Bg2 e6 4. 0-0 Be7 5. d3 0-0 6. Nbd2 b6 7. e4 dxe4 8. dxe4 Bb7 9. e5 Ne4 10. Qe2 Nxd2 11. Bxd2 c5 12. Rad1 Qc7 13. h4 Nc6 14. Bg5 Bxg5 15. hxg5 Rad8 16. c3 Rxd1 17. Rxd1 Rd8 18. Rd2 Rxd2 19. Nxd2 Ne7 20. Nc4 Bxg2 21. Kxg2 Qc6+ 22. Qf3 Kf8 23. Nd6 Qxf3+ 24. Kxf3 Nc6 25. Ke4 Ke7 26. f4 f6 27. gxf6+ gxf6 28. Nc8+ Kf7 29. exf6 Kxf6 30. a3 b5 31. Nd6 b4 32. Nb7 bxa3 33. bxa3 e5 34. Nxc5 exf4 35. Kxf4 Ne5 36. Ne4+ Ke6 37. Ng5+ Kd5 38. Nxh7 Nd3+ 39. Kf5 Nf2 40. Nf6+ Kc4 41. Ne4 Nh3 42. Ke5 a5 43. a4 Ng1 44. g4 Nh3 45. Kd6 Kd3 46. g5 Nf4 47. Nf6 Kc4 48. Kc6 Ne6 49. g6 Kxc3 50. Kb5 Kd4 51. Ne8 Kd5 52. g7 Nxg7 53. Nxg7 Kd6 54. Nf5+ Kc7 55. Nd4 Kb7 56. Kxa5 1-0

[Event "Famalicao op 5th"]
[Site "Famalicao"]
[Date "2017.08.05"]
[Round "9"]
[White "Safranska, Anda"]
[Black "Ribeiro, Bruno Rafael Leite"]
[Result "1/2-1/2"]
[WhiteElo "2202"]
[BlackElo "1787"]
[PlyCount "115"]
[EventDate "2017.07.29"]
[EventType "swiss"]
[EventRounds "9"]
[EventCountry "POR"]
[SourceTitle "EXT 2018"]
[Source "ChessBase"]
[SourceDate "2017.10.13"]
[SourceVersion "1"]
[SourceVersionDate "2017.10.13"]
[SourceQuality "1"]

1. e4 c5 2. d3 Nc6 3. g3 e6 4. Bg2 d5 5. Nd2 Nf6 6. Ngf3 dxe4 7. dxe4 Be7 8. 0-0 0-0 9. Re1 Qc7 10. c3 Rd8 11. Qc2 Ng4 12. Bf1 b6 13. Be2 Bb7 14. Nf1 Nf6 15. N3d2 a6 16. a4 Na5 17. b3 Bc6 18. f3 b5 19. Ne3 h5 20. axb5 axb5 21. Rb1 c4 22. b4 Nb7 23. Ng2 e5 24. Nf1 Nd6 25. Qb2 Qb7 26. Ra1 Rxa1 27. Qxa1 Nh7 28. h4 f5 29. exf5 Nxf5 30. Qb1 e4 31. f4 Nf6 32. Nge3 g6 33. Qc2 Rd7 34. Rd1 Bd8 35. Nxf5 gxf5 36. Ne3 Bb6 37. Kf1 Bxe3 38. Bxe3 Ng4 39. Bxg4 hxg4 40. Bd4 Rd8 41. Qf2 Kf7 42. h5 e3 43. Qxe3 Bg2+ 44. Ke1 Ra8 45. h6 Bf3 46. Rc1 Re8 47. Be5 Kg6 48. Ra1 Ra8 49. Rxa8 Qxa8 50. Qd2 Qd5 51. Qxd5 Bxd5 52. Bg7 Be4 53. Kf2 Kh7 54. Ke3 Bc2 55. Kd4 Bd1 56. Kc5 Ba4 57. Kb6 Kg6 58. Kc6 1/2-1/2

[Event "Famalicao op 5th"]
[Site "Famalicao"]
[Date "2017.08.01"]
[Round "5"]
[White "Martins, Bruno Andre Leite"]
[Black "Ribeiro, Bruno Rafael Leite"]
[Result "1-0"]
[WhiteElo "2033"]
[BlackElo "1787"]
[PlyCount "51"]
[EventDate "2017.07.29"]
[EventType "swiss"]
[EventRounds "9"]
[EventCountry "POR"]
[SourceTitle "EXT 2018"]
[Source "ChessBase"]
[SourceDate "2017.10.13"]
[SourceVersion "1"]
[SourceVersionDate "2017.10.13"]
[SourceQuality "1"]

1. e4 c6 2. d3 d5 3. Nd2 e5 4. Ngf3 Bd6 5. d4 exd4 6. exd5 Nf6 7. dxc6 0-0 8. cxb7 Bxb7 9. Be2 Nc6 10. 0-0 Rc8 11. a3 Ng4 12. b4 Re8 13. Nc4 Bb8 14. Bd3 Nxh2 15. Nxh2 Bxh2+ 16. Kxh2 Qh4+ 17. Kg1 Ne5 18. Nxe5 Rxe5 19. f3 Rh5 20. Qd2 Qh2+ 21. Kf2 Rh3 22. Ke1 Re8+ 23. Kd1 Rg3 24. Re1 Bxf3+ 25. gxf3 Rg1 26. Qxh2 1-0

[Event "POR-chT3 final"]
[Site "Leiria"]
[Date "2017.07.23"]
[Round "2.1"]
[White "Ribeiro, Bruno Rafael Leite"]
[Black "Santos, Antonio Miguel Oliv"]
[Result "1-0"]
[WhiteElo "1787"]
[BlackElo "1747"]
[PlyCount "57"]
[EventDate "2017.07.22"]
[EventType "team-tourn"]
[EventRounds "3"]
[EventCountry "POR"]
[SourceTitle "EXT 2018"]
[Source "ChessBase"]
[SourceDate "2017.10.13"]
[SourceVersion "1"]
[SourceVersionDate "2017.10.13"]
[SourceQuality "1"]
[WhiteTeam "CX A2D II"]
[BlackTeam "Clube dos Galitos/Grupel II"]
[WhiteTeamCountry "POR"]
[BlackTeamCountry "POR"]

1. e4 e6 2. d3 d5 3. Nd2 Nf6 4. Ngf3 Be7 5. g3 c5 6. Bg2 0-0 7. 0-0 Nc6 8. e5 Nd7 9. Re1 Rb8 10. Nf1 b5 11. h4 Nb6 12. N1h2 Bd7 13. h5 a5 14. Ng4 b4 15. h6 g6 16. Bf4 c4 17. Qd2 Na7 18. Bg5 Bxg5 19. Nxg5 f6 20. Nxf6+ Rxf6 21. exf6 Qxf6 22. Qe3 Nb5 23. Nxe6 d4 24. Qf4 Qxf4 25. Nxf4 Bf5 26. dxc4 Nxc4 27. Bd5+ Kh8 28. Bxc4 Nd6 29. Bd3 1-0

[Event "POR-ch U18"]
[Site "Luso"]
[Date "2016.07.23"]
[Round "6"]
[White "Dionizio, Andre Filipe Nascim"]
[Black "Ribeiro, Bruno Rafael Leite"]
[Result "1/2-1/2"]
[WhiteElo "1939"]
[BlackElo "1803"]
[PlyCount "53"]
[EventDate "2016.07.20"]
[EventType "swiss"]
[EventRounds "7"]
[EventCountry "POR"]
[SourceTitle "EXT 2018"]
[Source "ChessBase"]
[SourceDate "2017.10.13"]
[SourceVersion "1"]
[SourceVersionDate "2017.10.13"]
[SourceQuality "1"]

1. e4 c5 2. Nf3 d6 3. d4 cxd4 4. Nxd4 Nf6 5. Nc3 a6 6. Be2 e6 7. Be3 Be7 8. 0-0 0-0 9. a4 Nc6 10. f4 Qc7 11. g4 d5 12. e5 Ne4 13. Nxe4 dxe4 14. c3 Rd8 15. Qb1 Bc5 16. Qxe4 Qb6 17. Rad1 Bd7 18. b4 Nxd4 19. Bxd4 Bxd4+ 20. Qxd4 Qxd4+ 21. Rxd4 Bxa4 22. Ra1 Bc6 23. Rad1 Rxd4 24. Rxd4 Kf8 25. Kf2 Ke7 26. Bf3 Bxf3 27. Kxf3 1/2-1/2

[Event "Portugal op"]
[Site "Oeiras"]
[Date "2015.09.05"]
[Round "9"]
[White "Pintor, Simao Maciel Abranc"]
[Black "Ribeiro, Bruno Rafael Leite"]
[Result "1/2-1/2"]
[WhiteElo "2089"]
[BlackElo "1859"]
[PlyCount "106"]
[EventDate "2015.08.30"]
[EventType "swiss"]
[EventRounds "9"]
[EventCountry "POR"]
[SourceTitle "EXT 2016"]
[Source "ChessBase"]
[SourceDate "2015.10.08"]
[SourceVersion "1"]
[SourceVersionDate "2015.10.08"]
[SourceQuality "1"]

1. e4 c5 2. Nf3 d6 3. d4 cxd4 4. Nxd4 Nf6 5. Nc3 a6 6. Be3 e6 7. Be2 Be7 8. a4 Nc6 9. 0-0 0-0 10. Kh1 Bd7 11. f4 Nxd4 12. Bxd4 Bc6 13. Bd3 Re8 14. Rf3 Qc7 15. a5 Nd7 16. Nd5 exd5 17. exd5 Bf6 18. dxc6 bxc6 19. Rh3 g6 20. Bxf6 Nxf6 21. Qf3 Nd5 22. Be4 Qe7 23. Bxd5 Qe1+ 24. Qf1 Qxf1+ 25. Rxf1 cxd5 26. Rd3 Re2 27. Rc1 Rc8 28. Kg1 Rcxc2 29. Rxc2 Rxc2 30. Rxd5 Rxb2 31. Rxd6 Ra2 32. Rxa6 Kg7 33. h3 Ra4 34. f5 gxf5 35. Kf2 Ra3 36. Ra8 f4 37. a6 Kf6 38. Ke2 Re3+ 39. Kf2 Ra3 40. Rh8 Kg7 41. Ra8 Kf6 42. a7 Kf5 43. Rh8 Rxa7 44. Rxh7 Ra2+ 45. Kg1 Kg6 46. Rh8 Kf5 47. Rf8 Kg6 48. Rg8+ Kf5 49. h4 f3 50. Rg5+ Kf4 51. gxf3 Kxf3 52. h5 Kf4 53. Rg7 Ra6 1/2-1/2

[Event "Portugal op"]
[Site "Oeiras"]
[Date "2015.09.03"]
[Round "7"]
[White "Guia, Artur Solovyov Eloy"]
[Black "Ribeiro, Bruno Rafael Leite"]
[Result "0-1"]
[WhiteElo "1265"]
[BlackElo "1859"]
[PlyCount "102"]
[EventDate "2015.08.30"]
[EventType "swiss"]
[EventRounds "9"]
[EventCountry "POR"]
[SourceTitle "EXT 2016"]
[Source "ChessBase"]
[SourceDate "2015.10.08"]
[SourceVersion "1"]
[SourceVersionDate "2015.10.08"]
[SourceQuality "1"]

1. e4 c5 2. Nf3 d6 3. d4 cxd4 4. Nxd4 Nf6 5. Nc3 a6 6. Be3 b5 7. Be2 e6 8. Bf3 Nfd7 9. e5 d5 10. Bf4 Bb7 11. 0-0 Nb6 12. b3 Qc7 13. Nce2 N8d7 14. Re1 Nxe5 15. Bxe5 Qxe5 16. Ng3 Qc7 17. Rc1 Be7 18. Qd2 0-0 19. Rcd1 Nd7 20. Re2 Ne5 21. Qe3 Nxf3+ 22. Qxf3 Bg5 23. Rde1 Qf4 24. Qxf4 Bxf4 25. Nh5 Bh6 26. c3 Rac8 27. Rc2 Rc7 28. Ng3 Rfc8 29. Nge2 g6 30. a3 e5 31. Nf3 f6 32. c4 bxc4 33. bxc4 Rxc4 34. Rb2 R4c7 35. Reb1 Bc6 36. Rb8 Bb5 37. Rxc8+ Rxc8 38. Ng3 Rc1+ 39. Rxc1 Bxc1 40. Ne1 Bxa3 41. Nc2 Bc5 42. Ne3 Bxe3 43. fxe3 a5 44. Kf2 a4 45. Ke1 a3 46. Kd1 a2 47. Kc2 a1Q 48. e4 d4 49. Kd2 Qc3+ 50. Kd1 d3 51. Nf1 Ba4# 0-1

[Event "Portugal op"]
[Site "Oeiras"]
[Date "2015.09.02"]
[Round "6"]
[White "Ribeiro, Bruno Rafael Leite"]
[Black "Pires, Emanuel Joao Robart"]
[Result "0-1"]
[WhiteElo "1859"]
[BlackElo "2133"]
[PlyCount "58"]
[EventDate "2015.08.30"]
[EventType "swiss"]
[EventRounds "9"]
[EventCountry "POR"]
[SourceTitle "EXT 2016"]
[Source "ChessBase"]
[SourceDate "2015.10.08"]
[SourceVersion "1"]
[SourceVersionDate "2015.10.08"]
[SourceQuality "1"]

1. Nf3 e6 2. b3 Nf6 3. Bb2 Be7 4. e3 c5 5. Be2 d5 6. 0-0 Nc6 7. d4 b6 8. c4 0-0 9. Nbd2 Bb7 10. Rc1 cxd4 11. exd4 dxc4 12. bxc4 Qc7 13. Qc2 Rfd8 14. Qb1 Qf4 15. Qa1 Bb4 16. Nb3 a5 17. a3 a4 18. axb4 axb3 19. Qb1 Nxb4 20. d5 exd5 21. Bxf6 Qxf6 22. Qxb3 Ra2 23. Rfe1 Rb2 24. Qa4 d4 25. Rcd1 g6 26. Qa3 d3 27. Bxd3 Ra8 28. Qxa8+ Bxa8 29. Bf1 Bxf3 0-1

[Event "POR-ch U18"]
[Site "Luso"]
[Date "2015.07.26"]
[Round "7"]
[White "Valente, Joao Nuno Baptista"]
[Black "Ribeiro, Bruno Rafael Leite"]
[Result "1/2-1/2"]
[WhiteElo "1732"]
[BlackElo "1793"]
[PlyCount "60"]
[EventDate "2015.07.22"]
[EventType "swiss"]
[EventRounds "7"]
[EventCountry "POR"]
[SourceTitle "EXT 2018"]
[Source "ChessBase"]
[SourceDate "2017.10.13"]
[SourceVersion "1"]
[SourceVersionDate "2017.10.13"]
[SourceQuality "1"]

1. e4 c5 2. Nf3 d6 3. c3 Nf6 4. h3 g6 5. Bd3 Bg7 6. 0-0 0-0 7. Re1 Nc6 8. Bc2 e5 9. d4 exd4 10. cxd4 Re8 11. Nc3 cxd4 12. Nb5 d5 13. exd5 Rxe1+ 14. Qxe1 Nxd5 15. Bg5 Qf8 16. Bb3 Be6 17. Bxd5 Bxd5 18. Nc7 Bxf3 19. Nxa8 Bxg2 20. Kxg2 Qxa8 21. Qe4 h6 22. Bf4 Qd8 23. Re1 Qa5 24. a3 Kh7 25. Re2 Qb5 26. Rd2 Nd8 27. Qd3 Qd5+ 28. Qf3 Qb5 29. Qd3 Qd5+ 30. Qf3 Qb5 1/2-1/2

[Event "Lisbon Christmas op"]
[Site "Lisbon"]
[Date "2014.12.30"]
[Round "8"]
[White "Ribeiro, Bruno Rafael Leite"]
[Black "Rodriguez Ferreiros, Andres"]
[Result "1/2-1/2"]
[WhiteElo "1765"]
[BlackElo "1473"]
[PlyCount "78"]
[EventDate "2014.12.26"]
[EventType "swiss"]
[EventRounds "9"]
[EventCountry "POR"]
[SourceTitle "EXT 2018"]
[Source "ChessBase"]
[SourceDate "2017.10.13"]
[SourceVersion "1"]
[SourceVersionDate "2017.10.13"]
[SourceQuality "1"]

1. Nf3 Nc6 2. d4 d5 3. b3 Bf5 4. Bb2 Nf6 5. e3 a6 6. Be2 e6 7. 0-0 Bd6 8. Ne5 Bxe5 9. dxe5 Nd7 10. f4 g5 11. Nd2 gxf4 12. exf4 Qe7 13. c3 Rg8 14. Nf3 Bh3 15. Rf2 0-0-0 16. Nd4 Ndb8 17. Qd3 Bg4 18. a4 Nxd4 19. cxd4 Bf5 20. Qc3 Rg7 21. Ba3 Qd7 22. Rc1 Nc6 23. Bxa6 Kb8 24. Bb5 Rdg8 25. Bd3 Bh3 26. Bf1 Bf5 27. b4 Rc8 28. Bd3 Bxd3 29. Qxd3 h5 30. a5 Na7 31. Rb1 Nb5 32. Bc1 c6 33. Be3 Rgg8 34. Qc2 Na3 35. Qc1 Nxb1 36. Qxb1 Qc7 37. Rb2 h4 38. Bf2 h3 39. g3 Rh8 1/2-1/2

[Event "Lisbon Christmas op"]
[Site "Lisbon"]
[Date "2014.12.28"]
[Round "5"]
[White "Simoes, John William"]
[Black "Ribeiro, Bruno Rafael Leite"]
[Result "1-0"]
[WhiteElo "1941"]
[BlackElo "1765"]
[PlyCount "143"]
[EventDate "2014.12.26"]
[EventType "swiss"]
[EventRounds "9"]
[EventCountry "POR"]
[SourceTitle "EXT 2018"]
[Source "ChessBase"]
[SourceDate "2017.10.13"]
[SourceVersion "1"]
[SourceVersionDate "2017.10.13"]
[SourceQuality "1"]

1. e4 e5 2. Nf3 Nf6 3. Nxe5 d6 4. Nf3 Nxe4 5. Qe2 Qe7 6. d3 Nf6 7. Bg5 Qxe2+ 8. Bxe2 Be7 9. Nc3 0-0 10. 0-0-0 h6 11. Bh4 Bg4 12. h3 Bh5 13. Rde1 c6 14. Nd4 Bg6 15. Bf3 Bd8 16. g4 Nbd7 17. Bg3 d5 18. Re2 Ba5 19. Nb3 Bb6 20. Rhe1 Rae8 21. Na4 Rxe2 22. Rxe2 Bd8 23. Nac5 Nxc5 24. Nxc5 b5 25. Bh4 Bb6 26. Bxf6 Bxc5 27. Be7 Bxe7 28. Rxe7 f5 29. Rxa7 fxg4 30. Bxg4 Rxf2 31. Rc7 Rf1+ 32. Kd2 Rf2+ 33. Kd1 Be8 34. Rc8 Rf8 35. b3 Kf7 36. a4 bxa4 37. bxa4 g6 38. a5 h5 39. Be2 Bd7 40. Rxf8+ Kxf8 41. a6 Bc8 42. d4 Ke7 43. Ke1 Kd6 44. Kf2 Kc7 45. h4 Kb6 46. Bd3 Bxa6 47. Bxg6 c5 48. Ke3 Kc6 49. Bxh5 Bc8 50. Bf7 Bf5 51. c3 Kd6 52. h5 cxd4+ 53. Kxd4 Ke7 54. Bxd5 Kf6 55. Be4 Be6 56. h6 Bd7 57. Kc5 Bg4 58. Bd3 Kf7 59. Kd6 Bc8 60. Kc7 Be6 61. Be4 Bc4 62. Kd6 Ba6 63. Ke5 Kg8 64. Kd4 Kh8 65. Bd3 Bb7 66. c4 Bc6 67. c5 Ba4 68. Ke5 Be8 69. Kd6 Ba4 70. Bf5 Bb5 71. Bd7 Ba6 72. c6 1-0